[Event "Temuco op 2nd"]
[Site "Temuco"]
[Date "2025.01.13"]
[Round "6"]
[White "Miranda Gatica, Claudio Adolfo"]
[Black "Soza de la Carrera, Jose"]
[Result "0-1"]
[WhiteElo "1719"]
[BlackElo "2227"]
[PlyCount "88"]
[EventDate "2025.01.10"]
[EventType "swiss"]
[EventRounds "9"]
[EventCountry "CHI"]
[SourceTitle "CB04_2025"]
[SourceDate "2025.01.22"]
[SourceVersion "1"]
[SourceVersionDate "2025.01.22"]
[SourceQuality "1"]

1. e4 e6 2. d4 d5 3. Nd2 dxe4 4. Nxe4 Nd7 5. Nf3 Ngf6 6. Bd3 Nxe4 7. Bxe4 Nf6 8. Bg5 Be7 9. Bd3 0-0 10. Qd2 b6 11. Ne5 Bb7 12. f3 c5 13. dxc5 bxc5 14. 0-0-0 Nd5 15. Bxe7 Qxe7 16. h4 Rfd8 17. Bc4 Nb6 18. Qf4 Qc7 19. Rxd8+ Rxd8 20. Bd3 f6 21. Ng6 e5 22. Qg4 hxg6 23. Qxg6 e4 24. Bxe4 Qf4+ 25. Kb1 Bxe4 26. fxe4 Nc4 27. Qf5 Qxf5 28. exf5 Ne3 29. b3 Nxg2 30. Rh2 Ne3 31. Re2 Nxf5 32. h5 Kh7 33. Re6 Rc8 34. Re2 Kh6 35. Rd2 Rc7 36. Rh2 Ng3 37. c4 Nxh5 38. Kc2 g5 39. Kd3 f5 40. a3 g4 41. b4 Kg5 42. b5 g3 43. Rb2 Kg4 44. a4 Kf3 0-1

[Event "Temuco op 2nd"]
[Site "Temuco"]
[Date "2025.01.10"]
[Round "1"]
[White "Vasquez Toledo, Cristian"]
[Black "Miranda Gatica, Claudio Adolfo"]
[Result "1-0"]
[WhiteElo "2325"]
[BlackElo "1719"]
[PlyCount "113"]
[EventDate "2025.01.10"]
[EventType "swiss"]
[EventRounds "9"]
[EventCountry "CHI"]
[SourceTitle "CB04_2025"]
[SourceDate "2025.01.22"]
[SourceVersion "1"]
[SourceVersionDate "2025.01.22"]
[SourceQuality "1"]

1. d4 Nf6 2. Nf3 d5 3. c4 e6 4. g3 c5 5. cxd5 Nxd5 6. Bg2 cxd4 7. 0-0 Be7 8. Nxd4 0-0 9. Nc3 Nxc3 10. bxc3 Qa5 11. Qb3 Na6 12. Qc2 Rb8 13. Rb1 Bf6 14. Be3 Bxd4 15. Bxd4 b6 16. Be4 f5 17. Bd3 e5 18. Rb5 Qa3 19. Rxe5 Qd6 20. Rd1 Bb7 21. Rxf5 Qc6 22. f3 Nc5 23. Bc4+ Kh8 24. Bd5 Qg6 25. Rxf8+ Rxf8 26. Qxg6 hxg6 27. Bxc5 Rd8 28. Bxb6 Rxd5 29. Bd4 Ra5 30. Rb1 Bd5 31. Rb8+ Kh7 32. Rd8 Bxa2 33. Rd7 Bc4 34. Rxg7+ Kh6 35. Re7 Ra1+ 36. Kf2 a5 37. h4 a4 38. g4 g5 39. Be3 a3 40. Bxg5+ Kg6 41. f4 Bf7 42. h5+ Kg7 43. h6+ Kg6 44. Ra7 a2 45. c4 Rc1 46. Rxa2 Bxc4 47. Ra7 Bf7 48. Ra6+ Kh7 49. f5 Rc2 50. Ra7 Kg8 51. h7+ Kh8 52. Bf6+ Kxh7 53. Rxf7+ Kh6 54. Rf8 Rc7 55. Rh8+ Rh7 56. g5+ Kh5 57. Rxh7+ 1-0

[Event "Temuco de la Frontera"]
[Site "Temuco"]
[Date "2022.01.08"]
[Round "4"]
[White "Andrade Mayorga, Rodolfo"]
[Black "Miranda Gatica, Claudio Adolfo"]
[Result "1/2-1/2"]
[WhiteElo "1523"]
[BlackElo "1590"]
[PlyCount "102"]
[EventDate "2022.01.07"]
[EventType "tourn"]
[EventRounds "9"]
[EventCountry "CHI"]
[SourceTitle "CBM 206 Extra"]
[Source "ChessBase"]
[SourceDate "2022.03.31"]
[SourceVersion "1"]
[SourceVersionDate "2022.03.31"]
[SourceQuality "1"]

1. d4 Nf6 2. Nf3 g6 3. e3 d5 4. Be2 Bg7 5. Nbd2 0-0 6. 0-0 Re8 7. c3 Nc6 8. h3 e5 9. dxe5 Nxe5 10. Nxe5 Rxe5 11. Nf3 Re8 12. Re1 Ne4 13. Nd2 Qg5 14. Bg4 f5 15. f4 Qh4 16. Bf3 Qf2+ 17. Kh2 c6 18. Rf1 Qg3+ 19. Kg1 b6 20. Nxe4 fxe4 21. Bg4 Bxg4 22. Qxg4 Qxg4 23. hxg4 g5 24. g3 Re6 25. Kg2 Rf8 26. f5 Rh6 27. Bd2 Be5 28. Rab1 Rff6 29. b3 c5 30. Rfd1 Rd6 31. a3 d4 32. cxd4 cxd4 33. exd4 Rxd4 34. Bxg5 Rhd6 35. Rxd4 Rxd4 36. Bf4 Bxf4 37. gxf4 Rd3 38. a4 a5 39. b4 Rd2+ 40. Kg3 Rd3+ 41. Kf2 Rf3+ 42. Ke2 Rxf4 43. bxa5 bxa5 44. Rb5 Rxg4 45. Rxa5 h5 46. Ke3 h4 47. f6 Kf7 48. Rh5 Rg3+ 49. Kxe4 Rg4+ 50. Kf5 Rxa4 51. Rh7+ Kf8 1/2-1/2

[Event "San Fernando U1700"]
[Site "San Fernando"]
[Date "2017.01.27"]
[Round "1.2"]
[White "Caurapan Montero, Anais Angelica"]
[Black "Miranda Gatica, Claudio Adolfo"]
[Result "0-1"]
[WhiteElo "1458"]
[BlackElo "1697"]
[PlyCount "96"]
[EventDate "2017.01.27"]
[EventType "swiss"]
[EventRounds "7"]
[EventCountry "CHI"]
[SourceTitle "EXT 2024"]
[Source "ChessBase"]
[SourceDate "2023.10.10"]
[SourceVersion "1"]
[SourceVersionDate "2023.10.10"]
[SourceQuality "1"]

1. e4 c5 2. Nf3 e6 3. d4 cxd4 4. Nxd4 Nf6 5. Nc3 Bb4 6. f3 Nxe4 7. Nde2 Nxc3 8. Nxc3 d5 9. a3 Bxc3+ 10. bxc3 Nc6 11. Bb2 0-0 12. Be2 e5 13. Rb1 e4 14. 0-0 f5 15. c4 Be6 16. cxd5 Qxd5 17. Qxd5 Bxd5 18. c4 exf3 19. cxd5 fxe2 20. Rfe1 Ne7 21. d6 Nd5 22. Rxe2 Rad8 23. Be5 b6 24. Rd1 Nf6 25. Bxf6 Rxf6 26. d7 Kf7 27. Rc2 Ke7 28. Rc7 a5 29. Re1+ Re6 30. Rxe6+ Kxe6 31. Rc6+ Kxd7 32. Rxb6 Kc7 33. Rb5 g6 34. Rxa5 Kb6 35. Re5 Rd7 36. a4 Ra7 37. a5+ Rxa5 38. Rxa5 Kxa5 39. Kf2 Kb5 40. Kf3 g5 41. h4 h6 42. g4 f4 43. h5 Kc4 44. Ke2 Kc3 45. Kf3 Kd3 46. Kf2 Ke4 47. Kg2 Ke3 48. Kf1 Kf3 0-1

[Event "Concepcion Primera Categoria"]
[Site "Concepcion"]
[Date "2015.08.05"]
[Round "7"]
[White "Palma Neira, Eliseo Maximiliano"]
[Black "Miranda Gatica, Claudio Adolfo"]
[Result "1-0"]
[WhiteElo "1977"]
[BlackElo "1675"]
[PlyCount "81"]
[EventDate "2015.07.20"]
[EventType "tourn"]
[EventRounds "9"]
[EventCountry "CHI"]
[SourceTitle "EXT 2024"]
[Source "ChessBase"]
[SourceDate "2023.10.10"]
[SourceVersion "1"]
[SourceVersionDate "2023.10.10"]
[SourceQuality "1"]

1. d4 Nf6 2. c4 e6 3. Nf3 b6 4. g3 Bb7 5. Bg2 c5 6. 0-0 Be7 7. Nc3 0-0 8. d5 d6 9. e4 Nbd7 10. dxe6 fxe6 11. Ng5 Re8 12. Nxe6 Qc8 13. Nb5 Bxe4 14. Bxe4 Nxe4 15. Nbc7 Ne5 16. Qd5 Nf6 17. Qxa8 Qxa8 18. Nxa8 Rxa8 19. b3 Kf7 20. Ng5+ Kg6 21. f4 Nd3 22. Rd1 Nb4 23. Bd2 Nc2 24. Rac1 Nd4 25. Kg2 h6 26. Re1 Re8 27. Ne6 Nf5 28. Bc3 Ng4 29. Nc7 Rc8 30. Nd5 Bf6 31. Bxf6 Nxf6 32. Ne7+ Nxe7 33. Rxe7 d5 34. cxd5 Nxd5 35. Rxa7 Nb4 36. Rd1 Re8 37. Kf2 Re6 38. Rdd7 Nc6 39. Rxg7+ Kh5 40. Rad7 Nd4 41. Rd5+ 1-0